[Event "Ankara Ipek Memorial 8th"]
[Site "Ankara"]
[Date "2020.03.07"]
[Round "5"]
[White "Ergani, Efe"]
[Black "Bilen, Tuna"]
[Result "1-0"]
[WhiteElo "1668"]
[BlackElo "1367"]
[PlyCount "73"]
[EventDate "2020.03.04"]
[EventType "swiss"]
[EventRounds "7"]
[EventCountry "TUR"]
[SourceTitle "CBM 195 Extra"]
[Source "ChessBase"]
[SourceDate "2020.05.31"]
[SourceVersion "1"]
[SourceVersionDate "2020.05.31"]
[SourceQuality "1"]

1. Nf3 d5 2. c4 c6 3. d4 Nf6 4. Nc3 dxc4 5. a4 Bf5 6. Ne5 e6 7. Nxc4 Bb4 8. Bg5 h6 9. Bh4 0-0 10. e3 Nbd7 11. Be2 c5 12. 0-0 Qe7 13. Bf3 g5 14. Bg3 cxd4 15. Qxd4 Bc5 16. Qd1 Rad8 17. Bc7 Rc8 18. Nb5 Nb6 19. Bd6 Bxd6 20. Qxd6 Qxd6 21. Ncxd6 Rc2 22. Nxf5 exf5 23. b3 a6 24. Nd4 Ne4 25. Nxc2 Rc8 26. Bxe4 fxe4 27. Nd4 a5 28. Rfc1 Rxc1+ 29. Rxc1 Nd5 30. Rc5 Nb4 31. Rxa5 b6 32. Rb5 Nd3 33. Rxb6 Nc5 34. a5 Kf8 35. a6 Nxa6 36. Rxa6 Ke7 37. Rxh6 1-0

[Event "Ankara Ipek Memorial 8th"]
[Site "Ankara"]
[Date "2020.03.05"]
[Round "2"]
[White "Ilarslan, Can"]
[Black "Bilen, Tuna"]
[Result "1-0"]
[WhiteElo "1630"]
[BlackElo "1367"]
[PlyCount "39"]
[EventDate "2020.03.04"]
[EventType "swiss"]
[EventRounds "7"]
[EventCountry "TUR"]
[SourceTitle "CBM 195 Extra"]
[Source "ChessBase"]
[SourceDate "2020.05.31"]
[SourceVersion "1"]
[SourceVersionDate "2020.05.31"]
[SourceQuality "1"]

1. e4 e5 2. Nf3 Nc6 3. Bb5 a6 4. Ba4 d6 5. c3 Bd7 6. 0-0 Nf6 7. Re1 g6 8. d4 exd4 9. Bxc6 Bxc6 10. e5 dxe5 11. Nxe5 Be7 12. Nxc6 bxc6 13. Bh6 dxc3 14. Qe2 Rg8 15. Nxc3 Qd6 16. Rad1 Qe6 17. Qf3 Qc4 18. Qxf6 Qc5 19. b4 Qxb4 20. Qxc6# 1-0